|
|
|
|
| LEADER |
01183nab#a2200397#ar4500 |
| 001 |
000120719 |
| 003 |
SVKKK |
| 005 |
20171030094318.0 |
| 008 |
130826c2017 xo |||||||||||||||b|slo |
| FMT |
|
|
|
| 015 |
|
|
|a SNBRB2017/10
|
| 038 |
|
|
|a SVKKK
|
| 040 |
|
|
|a SVKKK
|b slo
|e AACR2
|
| 041 |
0 |
|
|a slo
|b eng
|b slo
|
| 044 |
|
|
|a xo
|c SK
|
| 080 |
|
|
|a 621.791.053
|2 2011
|
| 080 |
|
|
|a 621.791.05
|2 2011
|
| 080 |
|
|
|a 624.014.2.078.4
|2 2011
|
| 100 |
1 |
|
|a Sventek, Michal
|4 aut
|
| 245 |
1 |
0 |
|a Vplyv účinnej výšky zvaru na únosnosťspoja pri ručnom a mechanizovanom zváraní
|c Michal Sventek, Marek Patek
|
| 246 |
3 |
1 |
|a The effect of efficient weld height on the load-carrying capacity in the manual and mechanized welding
|
| 300 |
|
|
|b Obr., tab.
|
| 504 |
|
|
|a Bibliogr. odkazy
|
| 546 |
|
|
|a Res. angl., slov.
|
| 650 |
0 |
4 |
|a oceľové konštrukcie
|x zváranie
|
| 650 |
0 |
4 |
|a zváranie metódou MIG/MAG
|
| 650 |
0 |
4 |
|a zvarové spoje
|x vlastnosti
|
| 700 |
1 |
|
|a Patek, Marek
|4 aut
|
| 773 |
0 |
|
|t Zvarovanie = Svařování
|g Roč. 66, č. 1-2 (2017), s. 13-15
|x 0044-5525
|
| 958 |
|
|
|a NB
|
| 974 |
|
|
|a MI
|
| 992 |
|
|
|a RBX
|
| BAS |
|
|
|
| 852 |
|
|
|a SVKKK
|b BIB
|
| EXP |
|
|
|
| 998 |
|
|
|a HUT
|